Wuthering Heights name game Quiz Stats

 Plays Quiz not verified by Sporcle

Challenge
Share
Tweet
Embed
Score 0/11 Timer 02:00
0 Plays Today
characters % Correct
Catherine
93.7%
Cathy
84%
Edgar
82.4%
Linton
81%
Hareton
78.9%
Isabella
78.1%
Heathcliff
73.9%
Hindley
72.4%
Lockwood
60.2%
Joseph
59.9%
Nelly Dean
41.8%

You're not logged in!

Compare scores with friends on all Sporcle quizzes.
OR
Log In

You Might Also Like...

Show Comments

Extras

Top Quizzes Today


Score Distribution

Your Account Isn't Verified!

In order to create a playlist on Sporcle, you need to verify the email address you used during registration. Go to your Sporcle Settings to finish the process.

Report this User

Report this user for behavior that violates our Community Guidelines.

Details: